LA PENSEE CONTEMPORAINE: PROBLEMES ET SOLUTIONS CRITIQUES/

INDICE

Guardado en:
Detalles Bibliográficos
Autor principal: Veuthey, Léon (autor)
Formato: Libro
Temas:
Etiquetas: Agrega una etiqueta
Sin etiquetas, Sé el primero en etiquetar este registro!

MARC

LEADER 00000nam^a2200000^a^4500
001 000220001
005 20250521000000.0
009 20260310103834.123
035 |a 012698 
037 |a Acervo Xavier Clavigero 
082 |a 190. VEU 
100 |a Veuthey, Léon  |e (autor) 
245 1 3 |a LA PENSEE CONTEMPORAINE:  |b PROBLEMES ET SOLUTIONS CRITIQUES/  |c LEON VEUTHEY 
264 |a París, Francia :  |b Aubier-Montaigne, 
300 |a 283p. 
336 |a texto  |b txt  |2 rdacontenido 
337 |a sin mediación  |b n  |2 rdamedio 
338 |a volumen  |b nc  |2 rdasoporte 
520 |a INDICE 
649 |a XX 
650 |a Filosofía Moderna 
910 |a Fondo General 
920 |a Impresos - Libros 
930 |a Colección General 
905 |a 101 
901 |a 012698  |b IT1  |c ACC  |i 012698  |u 20250521 
902 |a https://opac.biblio.iteso.mx/vufind/Record/000220001